Decentralizácia zdravotníctva v SR bakalárska práca

Enregistré dans:
Détails bibliographiques
Auteur principal: Fleischer, Martin
Collectivité auteur: Národohospodárska fakulta EU. Katedra verejnej správy a regionálneho rozvoja
Autres auteurs: Štofko, Michal
Format: Livre
Langue:slovaque
Publié: Bratislava 2010
Tags: Ajouter un tag
Pas de tags, Soyez le premier à ajouter un tag!

MARC

LEADER 00000nam$a2200000$$$4500
001 0128990
005 20160627120459.8
041 0 |a slo 
044 |a SK 
245 1 0 |a Decentralizácia zdravotníctva v SR  |b bakalárska práca  |c Martin Fleischer ; škol. Michal Štofko 
264 1 |a Bratislava  |c 2010 
100 1 |a Fleischer, Martin 
700 1 |a Štofko, Michal 
710 2 |a Národohospodárska fakulta EU. Katedra verejnej správy a regionálneho rozvoja